TEXT BOOK OF PHYSIOLOGY FOR DENTAL STUDENTS (Record no. 3502)
[ view plain ]
| 000 -LEADER | |
|---|---|
| fixed length control field | 00375nam a2200145Ia 4500 |
| 008 - FIXED-LENGTH DATA ELEMENTS--GENERAL INFORMATION | |
| fixed length control field | 150201s2006 xx 000 0 und d |
| 082 ## - DEWEY DECIMAL CLASSIFICATION NUMBER | |
| Classification number | 612 |
| Item number | T2006M |
| 100 ## - MAIN ENTRY--PERSONAL NAME | |
| Personal name | MARYA,R.K. |
| 245 ## - TITLE STATEMENT | |
| Title | TEXT BOOK OF PHYSIOLOGY FOR DENTAL STUDENTS |
| 250 ## - EDITION STATEMENT | |
| Edition statement | 2ND |
| 260 ## - PUBLICATION, DISTRIBUTION, ETC. (IMPRINT) | |
| Name of publisher, distributor, etc. | C.B.S PUBLISHERS & DISTRIBUTERS |
| Place of publication, distribution, etc. | DELHI |
| Date of publication, distribution, etc. | 2006 |
| 300 ## - PHYSICAL DESCRIPTION | |
| Extent | 1-526 |
| 650 ## - SUBJECT ADDED ENTRY--TOPICAL TERM | |
| Topical term or geographic name as entry element | PHYSIOLOGY |
| 942 ## - ADDED ENTRY ELEMENTS (KOHA) | |
| Source of classification or shelving scheme | Dewey Decimal Classification |
| Koha item type | Books |
| Withdrawn status | Lost status | Source of classification or shelving scheme | Damaged status | Not for loan | Home library | Current library | Date acquired | Source of acquisition | Cost, normal purchase price | Serial Enumeration / chronology | SGTU | Bill Number | Total Checkouts | Full call number | Barcode | Date last seen | Bill Date | Koha item type |
|---|---|---|---|---|---|---|---|---|---|---|---|---|---|---|---|---|---|---|
| Dewey Decimal Classification | SGT Dental Library | SGT Dental Library | 16/02/2006 | U.B.S.DELHI | 275.00 | 1 | SGTU | 951 | 612 T2006M | FD3951 | 09/02/2015 | 02/07/2006 | Books | |||||
| Dewey Decimal Classification | SGT Dental Library | SGT Dental Library | 16/02/2006 | U.B.S.DELHI | 275.00 | 1 | SGTU | 951 | 612 T2006M | FD3952 | 09/02/2015 | 02/07/2006 | Books | |||||
| Dewey Decimal Classification | SGT Dental Library | SGT Dental Library | 16/02/2006 | U.B.S.DELHI | 275.00 | 1 | SGTU | 951 | 612 T2006M | FD3953 | 09/02/2015 | 02/07/2006 | Books | |||||
| Dewey Decimal Classification | SGT Dental Library | SGT Dental Library | 16/02/2006 | U.B.S.DELHI | 275.00 | 1 | SGTU | 951 | 612 T2006M | FD3954 | 09/02/2015 | 02/07/2006 | Books | |||||
| Dewey Decimal Classification | SGT Dental Library | SGT Dental Library | 16/02/2006 | U.B.S.DELHI | 275.00 | 1 | SGTU | 951 | 612 T2006M | FD3955 | 09/02/2015 | 02/07/2006 | Books | |||||
| Dewey Decimal Classification | SGT Dental Library | SGT Dental Library | 16/02/2006 | U.B.S.DELHI | 275.00 | 1 | SGTU | 951 | 612 T2006M | FD3956 | 09/02/2015 | 02/07/2006 | Books | |||||
| Dewey Decimal Classification | SGT Dental Library | SGT Dental Library | 31/10/2007 | U.B.S.DELHI | 295.00 | 1 | SGTU | 709 | 612 P2007M | FD4458 | 09/02/2015 | 25/08/2012 | Books | |||||
| Dewey Decimal Classification | SGT Dental Library | SGT Dental Library | 31/10/2007 | U.B.S.DELHI | 295.00 | 1 | SGTU | 709 | 612 P2007M | FD4459 | 09/02/2015 | 25/08/2012 | Books | |||||
| Dewey Decimal Classification | SGT Dental Library | SGT Dental Library | 31/10/2007 | U.B.S.DELHI | 295.00 | 1 | SGTU | 709 | 612 P2007M | FD4460 | 09/02/2015 | 25/08/2012 | Books |